| 000 | 00405nab a2200145Ia 4500 | ||
|---|---|---|---|
| 003 | ES-SlBCS | ||
| 005 | 20210601125444.0 | ||
| 008 | 140529s1975 xxu||||| |||| 00| 0 eng d | ||
| 041 | _aeng | ||
| 100 | 1 |
_aHocutt, Max _9155118 |
|
| 245 | 0 | 0 |
_aFreedom and Capacity _c Max Hocutt |
| 650 | 0 | 4 |
_aLibertad _986297 |
| 773 | 0 |
_tReview of Methaphysics _gvol. 29, nº. 114, 1975, págs. 256-262 _wRev843 |
|
| 942 | _cAR | ||
| 999 |
_c530627 _d530627 |
||